División político-territorial de la república (Record no. 125353)

MARC details
000 -LEADER
campo de control de longitud fija 00676nam a2200169 i 4500
001 - NÚMERO DE CONTROL
campo de control 125353
003 - IDENTIFICADOR DE NÚMERO DE CONTROL
campo de control ES-MaACL
005 - FECHA Y HORA DE LA ÚLTIMA TRANSACCIÓN
campo de control 20230906192618.0
007 - CAMPO FIJO DE DESCRIPCIÓN FÍSICA--INFORMACIÓN GENERAL
campo de control de longitud fija t|
008 - DATOS DE LONGITUD FIJA--INFORMACIÓN GENERAL
campo de control de longitud fija 070605s1907 ve ||||1| spa d
245 00 - MENCIÓN DEL TÍTULO
Título División político-territorial de la república
Resto del título : (revisada y corregida con vista de las Leyes vigentes sobre la materia hasta 31 de diciembre de 1906).
260 ## - PUBLICACIÓN, DISTRIBUCIÓN, ETC.
Lugar de publicación, distribución, etc. Caracas :
Nombre del editor, distribuidor, etc. Empresa El Cojo,
Fecha de publicación, distribución, etc. 1907.
300 ## - DESCRIPCIÓN FÍSICA
Extensión 62 p. ;
Dimensiones 24 cm.
500 ## - NOTA GENERAL
Nota general Precede al tít.: Estados Unidos de Venezuela, Ministerio de Fomento, Dirección de Estadística e Inmigración.
710 1# - ENTRADA AGREGADA--NOMBRE DE ENTIDAD CORPORATIVA
Nombre de entidad corporativa o nombre de jurisdicción como elemento de entrada Venezuela.
Unidad subordinada Ministerio de Fomento.
9 (RLIN) 7548
852 ## - LOCALIZACIÓN
Ubicación ES-MaACL
Número de control de estantería T-1185-F-5
Holdings
Estatus retirado Estado de pérdida Estado de daño No para préstamo Colección Biblioteca de origen Biblioteca actual Ubicación en estantería Fecha de adquisición Fuente de adquisición Total de préstamos Signatura topográfica completa Código de barras Visto por última vez Precio de reemplazo Tipo de ítem Koha
        Colección de folletos Biblioteca del Ateneo de Madrid Biblioteca del Ateneo de Madrid Depósito folletos 17/01/2008     T-1185-F-5 1130590 23/02/2023 23/02/2023 Folleto